000 00390 a2200157 4500
001 195306
020 _a85-04-00712-X
040 _cMagnum
100 _aMurray, Roseana
240 1 0 _aLuna, Merlin e outros habitantes
_lpor
245 1 0 _aLuna, Merlin e outros habitantes
362 0 _a2004
440 1 _aCompanhia Editora Nacional
697 _aLITERATURA INFANTO-JUVENIL
942 _cBK
999 _c195306
_d195306